000 00746nam a22001937a 4500
005 20240703111451.0
010 _aHIN-127907
020 _c270.00
_a9789384761585
035 _aHN-100253
037 _bDBAD
082 _a000
100 _aसिंह सुनील कुमार
_968018
245 _aसामान्य ज्ञान/
_c सुनील कुमार सिंह
260 _aबिहार
_bलुसेंट पब्लिकेशन
_c2023
270 _aन्यू बाईपास रोड , अशोकचक,
_bबिहार
_e800030
300 _a394पृ.
_c27 सेमी. (अजिल्द)
700 _967976
942 _2ddc
_cHN
_h000
_mसुनील
999 _c203879
_d203879